Responses for Show #1535 - Friday, April 12, 1991

Game entered from audiorecording. Missing prizes.

Contestants

[<< previous game]

Patty Stein, an attorney from Riverdale, New Jersey

Brian Olewnick, a capital assets manager from New York City, New York

Burt Albert, a lawyer from Salem, Virginia (whose 1-day cash winnings total $4,400)

[next game >>]

Jeopardy! Round responses

FAMOUS WOMEN
THE POST OFFICE
5-LETTER WORDS
INSECTS
MAGAZINES
UNREAL ESTATE
    $100 1
Rand

Burt
    $100 9
dogs

Patty
    $100 6
a slave

Brian
    $100 7
a mosquito

Burt
    $100 8
(Burt: What is Home & Garden?)

Better Homes & Gardens

BurtPatty
    $100 16
(Brian: What is Cheers?)
(Patty: What is Another World?)
...
(Alex: Another World, I believe, is the afternoon soap opera.)

A Different World

BrianPatty
Triple Stumper
    $200 2
a photographer

Burt
    $200 10
APT

Burt
    $200 23
to crave

Patty
    $200 27
a cricket

Patty
    $200 12
Playgirl

Burt
    $200 17
The Cherry Orchard

Burt
    $300 3
Texas

Triple Stumper
    $300 11
black

Burt
    $300 24
brave

Patty
    $300 28
a Medfly

Patty
    $300 13
Parade

Burt
    $300 18
White Palace

Brian
    $400 4
Althea Gibson

Burt
    $400 21
the state

Burt
    $400 25
grave

Burt
    $400 29
beetles

Brian
    $400 14
(Henry) Luce

Burt
    $400 19
Texasville

Triple Stumper
    $500 5
(Burt: Who is Alina Rubinstein?)
(Brian: Who is Estee Lauder?)

Elizabeth Arden

BurtBrian
Triple Stumper
    $500 22
insurance

Patty
    $500 26
(Alex: [As the clue is revealed] Guess what you're looking for.)

a knave

Brian
    $500 30
a cicada

Brian
    $500 15
(Patty: What is Playboy?)

Esquire

BurtPatty
    $500 20
River City

Burt

Scores at the first commercial break (after clue 14):

Burt Brian Patty
$1,600 -$400 $200

Scores at the end of the Jeopardy! Round:

Burt Brian Patty
$3,600 $1,200 $1,100

Double Jeopardy! Round responses

20th CENTURY LITERATURE
RUSSIAN
THE GOLDEN GLOBE AWARDS
WEATHER
THE CIVIL WAR
ANIMALS
    $200 3
(Herman) Wouk

Burt
    $200 1
Bolsheviks

Patty
    $200 8
Julia Roberts

Patty
    $200 20
(Brian: What are cloudbursts?)
(Burt: What is gully washer?)
[Originally accepted by the judges; reversed before Final Jeopardy!]

flash floods

BurtBrian
Triple Stumper
    $200 13
Stonewall Jackson

Burt
    $200 15
blubber

Brian
    $400 4
Tennessee Williams

Triple Stumper
    $400 2
(Brian: What is perestroika?)

glasnost

BurtBrian
    $400 9
Network

Burt
    $400 22
the dew point

Brian
    $400 14
the Emancipation Proclamation

Patty
    $400 16
geese

Patty
    $1,000 5
(Burt: What is Portrait of the Artist as a Young Man?)

The Dubliners

Burt
    $600 27
the tundra

Brian
    $600 10
The Sunshine Boys

Patty
    $600 23
the permafrost

Burt
    $600 21
Abner Doubleday

Brian
    $600 17
a Siamese cat

Patty
    $800 6
Ray Bradbury

Brian
    $2,500 28
Sputnik

Brian
    $800 11
A Man and a Woman

Burt
    $800 26
alcohol thermometers

Triple Stumper
    $800 24
Bull Run

Burt
    $800 18
thoroughbreds

Patty
    $1000 7
The Man with the Golden Arm

Burt
    $1000 29
samovar

Patty
    $1000 12
The Best Years of Our Lives

Burt
    $1000 30
cumulonimbus

Triple Stumper
    $1000 25
McClellan

Patty
    $1000 19
sense of smell

Triple Stumper

Scores at the end of the Double Jeopardy! Round:

Burt Brian Patty
$7,800 $5,700 $6,300

[wagering suggestions for these scores]

Final Jeopardy! Round responses

BROADWAY MUSICALS
BrianWhat is "Damn Yankees"?
$0
PattyWhat is "Annie, Get Your Gun"?
$5,101
BurtWhat is "Damn Yankees"?
$4,801
Damn Yankees

Final scores:

Burt Brian Patty
$12,601 $5,700 $1,199
2-day champion: $17,001 2nd place 3rd place

Game dynamics:

Coryat scores:

Burt Brian Patty
$8,800 $4,000 $6,300
23 R
(including 1 DD),
4 W
(including 1 DD)
11 R
(including 1 DD),
4 W
16 R,
2 W

Combined Coryat: $19,100

[game clues] [game scores] [suggest correction]

Game tape date: 1991-02-12
The J! Archive is created by fans, for fans. Scraping, republication, monetization, and malicious use prohibited; this site may use cookies and collect identifying information. See terms. The Jeopardy! game show and all elements thereof, including but not limited to copyright and trademark thereto, are the property of Jeopardy Productions, Inc. and are protected under law. This website is not affiliated with, sponsored by, or operated by Jeopardy Productions, Inc. Join the discussion at JBoard.tv.